01679nam a22003854a 4500001001200000003000800012006001900020007001500039008004100054010001700095020002200112040002100134035002000155050002400175082001500199100002000214245013800234250001200372260015900384300001900543490004300562504006400605533015200669650002400821650002500845650003100870650003200901651005900933651006600992655002901058710001701087830004401104856012601148999001901274ebr10044888CaPaEBRm u cr cn|||||||||010122s2001 enk sb 001 0 eng  z 2001021868 z033394593X (pbk.) aCaPaEBRcCaPaEBR a(OCoLC)7074868214aJV7933b.F38 2001eb04a325.412211 aFavell, Adrian.10aPhilosophies of integrationh[electronic resource] :bimmigration and the idea of citizenship in France and Britain /cAdrian Favell. a2nd ed. aHoundmills, Basingstoke, Hampshire ;aNew York, N.Y :bPalgrave in association with Centre for Research in Ethnic Relations, University of Warwick,c2001. axxviii, 289 p.1 aMigration, minorities, and citizenship aIncludes bibliographical references (p. 254-273) and index. aElectronic reproduction.bPalo Alto, Calif. :cebrary,d2013.nAvailable via World Wide Web.nAccess may be limited to ebrary affiliated libraries. 0aImmigrantszFrance. 0aCitizenshipzFrance. 0aImmigrantszGreat Britain. 0aCitizenshipzGreat Britain. 0aFrancexEmigration and immigrationxGovernment policy. 0aGreat BritainxEmigration and immigrationxGovernment policy. 7aElectronic books.2local2 aebrary, Inc. 0aMigration, minorities, and citizenship.40uhttp://site.ebrary.com/lib/rucke/Doc?id=10044888zAn electronic book accessible through the World Wide Web; click to view c179339d179339